The Highland herd book.

Bibliographic Details
New Title:Highland cattle herd book
Corporate Author: Highland Cattle Society of Scotland
Format: Serial
Language:English
Published: Perth [etc.] : The Highland Cattle Society of Scotland.
Subjects:

MARC

Tag First Indicator Second Indicator Subfields
LEADER 00000cas a2200000 4500
001 in00000060420
005 20151007082610.0
008 800426d18851960stkuu 0uuua0eng d
035 |a (OCoLC)06248871 
035 |9 AAF8121AM 
040 |a TXA  |c TXA  |d UtOrBLW 
049 |a TXAS 
090 |a SF193.H6  |b H6 
245 0 4 |a The Highland herd book. 
264 1 |a Perth [etc.] :  |b The Highland Cattle Society of Scotland. 
300 |a 39 volumes 
336 |a text  |b txt  |2 rdacontent 
337 |a unmediated  |b n  |2 rdamedia 
338 |a volume  |b nc  |2 rdacarrier 
362 0 |a v. 1-39; 1885-1960. 
650 0 |a Highland cattle. 
650 0 |a Cattle  |v Pedigrees. 
710 2 |a Highland Cattle Society of Scotland. 
785 0 0 |t Highland cattle herd book 
999 |a MARS 
999 f f |s aafa4b29-ae48-36ee-b319-5ae527c149ec  |i 27b95542-18e2-3388-95c3-ea71c652cd34  |t 0 
952 f f |p noncirc  |a Texas A&M University  |b College Station  |c Cushing Memorial Library & Archives  |d Cushing: Dykes (Does not check out)  |t 0  |e SF193.H6 H6  |h Library of Congress classification  |i unmediated -- volume  |m A14851923921 
998 f f |a SF193.H6 H6  |s v.37  |t 0  |l Cushing: Dykes (Does not check out)